[Event "Titled Tuesday intern op 18th Apr Early"]
[Site "Chess.com INT"]
[Date "2023.04.18"]
[Round "4"]
[White "Trakru, Rohun"]
[Black "Yayloyan, Konstantin"]
[Result "1-0"]
[WhiteElo "1952"]
[BlackElo "2327"]
[PlyCount "167"]
[EventDate "2023.04.18"]
[EventType "swiss (blitz)"]
[EventRounds "11"]
[EventCountry "USA"]
[SourceTitle "EXT 2024"]
[Source "ChessBase"]
[SourceDate "2023.10.10"]
[SourceVersion "1"]
[SourceVersionDate "2023.10.10"]
[SourceQuality "1"]

1. a3 a5 2. c4 g6 3. Nc3 Bg7 4. d4 d6 5. Bg5 Nf6 6. Qd2 Nc6 7. Nf3 h6 8. Bh4 Nh5 9. e3 g5 10. Bg3 0-0 11. Bd3 f5 12. 0-0-0 e5 13. dxe5 dxe5 14. Be2 Qxd2+ 15. Nxd2 f4 16. Bxh5 fxg3 17. fxg3 Be6 18. Bf3 g4 19. Bd5 Bxd5 20. cxd5 Ne7 21. Nde4 Nf5 22. Kd2 h5 23. Ke2 Bh6 24. Rd3 Rad8 25. Rf1 b6 26. Nb5 Rd7 27. Na7 Nd6 28. Rxf8+ Kxf8 29. Nf6 Rf7 30. Nxh5 Ne4 31. h3 Rf2+ 32. Ke1 Rxg2 33. hxg4 Rxb2 34. Nc6 Nc5 35. Rd1 Bxe3 36. Nxe5 Ne4 37. Nc4 Bf2+ 38. Kf1 Rc2 39. Ne5 Bxg3 40. Nxg3 Nxg3+ 41. Kg1 Ne2+ 42. Kf1 Nf4 43. d6 cxd6 44. Rxd6 b5 45. Rb6 Rc5 46. Nd7+ Ke7 47. Nxc5 b4 48. axb4 axb4 49. Rxb4 Nd5 50. Rb7+ Kd6 51. Nd3 Ne3+ 52. Ke2 Nxg4 53. Kf3 Nf6 54. Nf4 Nd7 55. Ke3 Kc6 56. Rb1 Nc5 57. Kd4 Nd7 58. Rc1+ Kd6 59. Nd5 Ne5 60. Rh1 Nc6+ 61. Ke4 Kc5 62. Ne3 Ne7 63. Rh7 Nc6 64. Nf5 Na5 65. Nd4 Nc4 66. Rc7+ Kb4 67. Nc2+ Kb3 68. Kd4 Nd6 69. Rc6 Nb5+ 70. Kd3 Na7 71. Rc5 Kb2 72. Kc4 Kxc2 73. Kb4+ Kd3 74. Ka5 Kd4 75. Rc7 Nb5 76. Kxb5 Kd5 77. Rc6 Kd4 78. Rc8 Kd5 79. Rd8+ Ke6 80. Kc5 Ke7 81. Rd1 Ke6 82. Rd2 Ke7 83. Kc6 Ke6 84. Re2+ 1-0

[Event "Titled Tuesday intern op 28th Feb Early"]
[Site "Chess.com INT"]
[Date "2023.02.28"]
[Round "6"]
[White "Peng, Li Min"]
[Black "Yayloyan, Konstantin"]
[Result "1/2-1/2"]
[WhiteElo "2540"]
[BlackElo "2327"]
[PlyCount "126"]
[EventDate "2023.02.28"]
[EventType "swiss (blitz)"]
[EventRounds "11"]
[EventCountry "USA"]
[SourceTitle "CBM 213 Extra"]
[Source "ChessBase"]
[SourceDate "2023.05.31"]
[SourceVersion "1"]
[SourceVersionDate "2023.05.31"]
[SourceQuality "1"]

1. e4 c5 2. Nc3 Nc6 3. f4 g6 4. Nf3 Bg7 5. Bc4 e6 6. d3 Nge7 7. 0-0 d5 8. Bb3 Nd4 9. Nxd4 cxd4 10. Ne2 0-0 11. Qe1 b5 12. e5 Nc6 13. a4 b4 14. a5 Nxa5 15. Qxb4 Nxb3 16. Qxb3 f6 17. Nxd4 fxe5 18. Nc6 Qc7 19. Nxe5 Bxe5 20. fxe5 Rxf1+ 21. Kxf1 Qxe5 22. Qc3 Qxc3 23. bxc3 Bd7 24. Ra5 a6 25. Ke2 Kf7 26. Bf4 Kf6 27. Bd6 Bc6 28. Rc5 Rc8 29. Ke3 Bd7 30. Kd4 Rxc5 31. Kxc5 Ba4 32. Kb6 Bxc2 33. Kxa6 Bxd3+ 34. Kb6 e5 35. Kc5 Ke6 36. Bb8 Bf1 37. g3 Be2 38. Bc7 h5 39. Bb8 Bc4 40. Bc7 Kf5 41. h4 Ke4 42. Bb8 Bf1 43. Bc7 d4 44. cxd4 exd4 45. Kb4 Kf3 46. Be5 d3 47. Kc3 Ke2 48. Bf4 Bh3 49. Bg5 Bf5 50. Bf4 Kf3 51. Kd2 Kf2 52. Bg5 Kxg3 53. Bd8 Kf3 54. Bg5 Ke4 55. Bd8 Bg4 56. Bg5 Be2 57. Bd8 Kf5 58. Bg5 Kg4 59. Bd8 Kf3 60. Bg5 Kf2 61. Bd8 Kg3 62. Bg5 Kg4 63. Bd8 Bf1 1/2-1/2

[Event "Titled Tuesday intern op 28th Feb Early"]
[Site "Chess.com INT"]
[Date "2023.02.28"]
[Round "2"]
[White "Yayloyan, Konstantin"]
[Black "Rostomyan, Mikayel"]
[Result "0-1"]
[WhiteElo "2327"]
[BlackElo "2219"]
[PlyCount "86"]
[EventDate "2023.02.28"]
[EventType "swiss (blitz)"]
[EventRounds "11"]
[EventCountry "USA"]
[SourceTitle "CBM 213 Extra"]
[Source "ChessBase"]
[SourceDate "2023.05.31"]
[SourceVersion "1"]
[SourceVersionDate "2023.05.31"]
[SourceQuality "1"]

1. e4 c5 2. Nf3 Nc6 3. Nc3 g6 4. Bb5 Bg7 5. 0-0 Nd4 6. Bc4 e6 7. Nxd4 cxd4 8. Ne2 Ne7 9. c3 Nc6 10. d3 0-0 11. Bb3 d5 12. exd5 exd5 13. cxd4 Nxd4 14. Nxd4 Bxd4 15. Qf3 Be6 16. Bh6 Bg7 17. Bxg7 Kxg7 18. Rac1 a5 19. Qf4 Qf6 20. Qxf6+ Kxf6 21. Rc5 Rfd8 22. a4 Ke5 23. Rb5 Rd7 24. Rc1 Kd4 25. Rc3 Ra6 26. Kf1 Rc6 27. Rxc6 bxc6 28. Rxa5 Kxd3 29. Bd1 Kd4 30. b4 Kc4 31. b5 Kb4 32. Ra8 cxb5 33. axb5 Rb7 34. Be2 d4 35. Rd8 Bd7 36. f4 Kc3 37. Kf2 d3 38. Bf1 Bxb5 39. g3 Bc4 40. Ke3 Re7+ 41. Kf2 Re4 42. Rc8 d2 43. Rd8 Bxf1 0-1

[Event "Yerevan op 2nd"]
[Site "Yerevan"]
[Date "2017.09.25"]
[Round "7"]
[White "Onischuk, Vladimir"]
[Black "Yayloyan, Konstantin"]
[Result "1-0"]
[WhiteElo "2638"]
[BlackElo "2142"]
[PlyCount "79"]
[EventDate "2017.09.19"]
[EventType "swiss"]
[EventRounds "9"]
[EventCountry "ARM"]
[SourceTitle "EXT 2018"]
[Source "ChessBase"]
[SourceDate "2017.10.13"]
[SourceVersion "1"]
[SourceVersionDate "2017.10.13"]
[SourceQuality "1"]

1. e4 c5 2. Nf3 d6 3. c3 Nf6 4. Be2 e5 5. 0-0 Be7 6. d3 0-0 7. Nbd2 Nc6 8. Re1 d5 9. exd5 Nxd5 10. Nc4 Bf6 11. a4 Re8 12. a5 Bf5 13. Bf1 Qc7 14. Nfd2 Rad8 15. Qf3 Bg6 16. g3 Be7 17. h4 h6 18. Bh3 Bf8 19. Ne4 b5 20. axb6 axb6 21. Ra6 Qb7 22. Ra2 b5 23. Ne3 Nxe3 24. Qxe3 f5 25. Nxc5 Qf7 26. Ra6 Nb8 27. Rxg6 Qxg6 28. Nb7 f4 29. Qe4 Qxe4 30. dxe4 fxg3 31. Nxd8 gxf2+ 32. Kxf2 Rxd8 33. Be3 Be7 34. Be6+ Kh7 35. Rh1 Rd6 36. Bg4 Rf6+ 37. Ke2 g6 38. h5 Kg7 39. b4 Nc6 40. Rd1 1-0

[Event "Yerevan op 2nd"]
[Site "Yerevan"]
[Date "2017.09.19"]
[Round "1"]
[White "Hovyan, Nikolay"]
[Black "Yayloyan, Konstantin"]
[Result "0-1"]
[WhiteElo "1414"]
[BlackElo "2142"]
[PlyCount "154"]
[EventDate "2017.09.19"]
[EventType "swiss"]
[EventRounds "9"]
[EventCountry "ARM"]
[SourceTitle "CBM 180 Extra"]
[Source "ChessBase"]
[SourceDate "2017.10.06"]
[SourceVersion "1"]
[SourceVersionDate "2017.10.06"]
[SourceQuality "1"]

1. d4 Nf6 2. Nf3 g6 3. c4 Bg7 4. Nc3 0-0 5. e4 d6 6. Be2 e5 7. 0-0 Nc6 8. d5 Ne7 9. b4 Nh5 10. g3 f5 11. Kg2 Nf6 12. Bd3 fxe4 13. Nxe4 Nxe4 14. Bxe4 Bg4 15. Rb1 Qd7 16. Re1 Rf7 17. Qc2 Nf5 18. Ng5 Nd4 19. Qd3 Rf6 20. Be3 Bh6 21. c5 Raf8 22. h4 Bxg5 23. hxg5 Bh3+ 24. Kg1 Nf3+ 25. Bxf3 Rxf3 26. Qc4 Qf7 27. Rb2 Bc8 28. Rc1 Qf5 29. Qh4 Qd3 30. Rd2 Qa3 31. Re1 Qc3 32. Rdd1 Qc2 33. Rd2 Qf5 34. Rc1 Qf7 35. cxd6 cxd6 36. Rdc2 Bd7 37. Qe4 Qe8 38. Rc7 R3f7 39. Qh4 Bf5 40. Qc4 a6 41. Rxf7 Qxf7 42. Qh4 Qxd5 43. Rc7 Rf7 44. Rxf7 Qxf7 45. Qh1 Be6 46. a4 d5 47. f4 exf4 48. gxf4 Qf5 49. Kf2 Qc2+ 50. Kg3 Qxa4 51. Bc5 Qc2 52. Qe1 Qd3+ 53. Qe3 Qxe3+ 54. Bxe3 Kf7 55. Bc5 Ke8 56. Kf3 Kd7 57. Ke3 Kc6 58. Kd4 Bf5 59. Be7 Be4 60. Bd8 Kb5 61. Kc3 Bf5 62. Be7 Ka4 63. Kd4 Be6 64. Kc5 Kb3 65. Bf6 b6+ 66. Kd6 Bg8 67. Bd4 Kc4 68. Bxb6 d4 69. Ke5 d3 70. Be3 Kc3 71. Bd4+ Kc2 72. Be3 d2 73. Bxd2 Kxd2 74. Kd4 Ke2 75. Ke5 Kd3 76. f5 gxf5 77. Kxf5 Kc4 0-1

[Event "EU-ch U18 27th"]
[Site "Mamaia"]
[Date "2017.09.07"]
[Round "3"]
[White "Macovei, Andrei"]
[Black "Yayloyan, Konstantin"]
[Result "0-1"]
[WhiteElo "2363"]
[BlackElo "2142"]
[PlyCount "72"]
[EventDate "2017.09.05"]
[EventType "swiss"]
[EventRounds "9"]
[EventCountry "ROU"]
[SourceTitle "CBM 180 Extra"]
[Source "ChessBase"]
[SourceDate "2017.10.06"]
[SourceVersion "1"]
[SourceVersionDate "2017.10.06"]
[SourceQuality "1"]

1. e4 c5 2. Nf3 d6 3. d4 cxd4 4. Nxd4 Nf6 5. Nc3 Bd7 6. Bg5 e6 7. Ndb5 Bc6 8. Bxf6 gxf6 9. Qh5 a6 10. Nd4 Bd7 11. 0-0-0 Nc6 12. Nb3 b5 13. f4 b4 14. Ne2 a5 15. f5 e5 16. Ng3 Be7 17. Bc4 Rf8 18. Qh6 a4 19. Nh5 Qc7 20. Nd2 Nd4 21. Kb1 Bb5 22. Bxb5+ Nxb5 23. Qe3 a3 24. Qd3 Qc6 25. Qd5 Qa6 26. Nc4 axb2 27. Nxf6+ Kd8 28. Kxb2 Bxf6 29. a4 bxa3+ 30. Ka1 Ke7 31. Rd3 Rfc8 32. Ne3 Nd4 33. Rhd1 Nxc2+ 34. Nxc2 Rxc2 35. Qxd6+ Qxd6 36. Rxd6 Rxg2 0-1

[Event "EU-ch U18 27th"]
[Site "Mamaia"]
[Date "2017.09.05"]
[Round "1"]
[White "Yayloyan, Konstantin"]
[Black "Stauskas, Lukas"]
[Result "1-0"]
[WhiteElo "2142"]
[BlackElo "2387"]
[PlyCount "40"]
[EventDate "2017.09.05"]
[EventType "swiss"]
[EventRounds "9"]
[EventCountry "ROU"]
[SourceTitle "CBM 180 Extra"]
[Source "ChessBase"]
[SourceDate "2017.10.06"]
[SourceVersion "1"]
[SourceVersionDate "2017.10.06"]
[SourceQuality "1"]

1. e4 c5 2. Nf3 a6 3. Nc3 b5 4. d4 cxd4 5. Nxd4 e6 6. Bd3 Qb6 7. Be3 Bc5 8. Nce2 Nf6 9. c3 Ng4 10. Bc1 e5 11. 0-0 exd4 12. cxd4 Be7 13. Nf4 d6 14. h3 Nh6 15. Nd5 Qb7 16. Bxh6 gxh6 17. Rc1 Nc6 18. e5 dxe5 19. dxe5 Bd7 20. Nxe7 Nxe7 1-0

[Event "Poti Aleksandria Cup 10th"]
[Site "Poti"]
[Date "2015.07.18"]
[Round "7"]
[White "Jobava, Baadur"]
[Black "Yayloyan, Konstantin"]
[Result "1-0"]
[WhiteElo "2693"]
[BlackElo "2173"]
[PlyCount "87"]
[EventDate "2015.07.13"]
[EventType "swiss"]
[EventRounds "9"]
[EventCountry "GEO"]
[SourceTitle "CBM 167 Extra"]
[Source "ChessBase"]
[SourceDate "2015.09.14"]
[SourceVersion "1"]
[SourceVersionDate "2015.09.14"]
[SourceQuality "1"]

1. e4 c5 2. c3 e6 3. f4 d5 4. e5 Nc6 5. Nf3 Nh6 6. Na3 Nf5 7. Nc2 Be7 8. d4 cxd4 9. cxd4 Qa5+ 10. Bd2 Qb6 11. Bc3 Bd7 12. Bd3 Nb4 13. Nxb4 Bxb4 14. Qd2 Bxc3 15. bxc3 Rc8 16. 0-0 Qa5 17. Rfc1 Bb5 18. g4 Bxd3 19. Qxd3 Ne7 20. f5 Qa6 21. Qxa6 bxa6 22. f6 Nc6 23. c4 dxc4 24. Rxc4 h6 25. Rac1 Kd7 26. d5 exd5 27. e6+ fxe6 28. Rxc6 Rxc6 29. Ne5+ Kd6 30. Nf7+ Kd7 31. Rxc6 Kxc6 32. Nxh8 gxf6 33. Nf7 Kd7 34. Nxh6 Ke7 35. h4 Kf8 36. g5 fxg5 37. h5 Kg7 38. Ng4 e5 39. Kf2 d4 40. Kf3 d3 41. Ne3 d2 42. a4 e4+ 43. Kg4 Kf6 44. a5 1-0

[Event "Moscow Dvorkovich Cup U16 10th"]
[Site "Moscow"]
[Date "2015.06.30"]
[Round "7.10"]
[White "Antipov, Mikhail Al"]
[Black "Yayloyan, Konstantin"]
[Result "1/2-1/2"]
[WhiteElo "2523"]
[BlackElo "2171"]
[PlyCount "81"]
[EventDate "2015.06.23"]
[EventType "team-tourn"]
[EventRounds "7"]
[EventCountry "RUS"]
[SourceTitle "CBM 167 Extra"]
[Source "ChessBase"]
[SourceDate "2015.09.14"]
[SourceVersion "1"]
[SourceVersionDate "2015.09.14"]
[SourceQuality "1"]
[WhiteTeam "Dvorkovich Chess Parlour (U16)"]
[BlackTeam "Armenia (U16)"]
[WhiteTeamCountry "RUS"]
[BlackTeamCountry "ARM"]

1. e4 c5 2. d3 Nc6 3. g3 g6 4. Bg2 Bg7 5. f4 d6 6. Nf3 Nf6 7. 0-0 0-0 8. Qe2 Bd7 9. c3 b5 10. Na3 Rb8 11. Bd2 a5 12. Rae1 a4 13. e5 Ne8 14. Qe4 Nc7 15. Nc2 b4 16. cxb4 Nxb4 17. Nxb4 cxb4 18. d4 Be6 19. Qc2 b3 20. axb3 axb3 21. Qd3 Bf5 22. Qc4 Be6 23. Qe2 dxe5 24. dxe5 Nb5 25. Be3 Bf5 26. Rd1 Qa5 27. Ra1 Qb4 28. Rfc1 Rbc8 29. Bf1 Nc7 30. Bc5 Qb7 31. Nd4 Ne6 32. Nxf5 Rxc5 33. Rxc5 Nxc5 34. Nxg7 Kxg7 35. Qe3 Rc8 36. Rc1 Na4 37. Rxc8 Qxc8 38. Qxb3 Qc5+ 39. Kg2 Qd4 40. Bb5 Nxb2 41. Be2 1/2-1/2

[Event "Moscow Dvorkovich Cup U16 10th"]
[Site "Moscow"]
[Date "2015.06.24"]
[Round "2.6"]
[White "Dai, Changren"]
[Black "Yayloyan, Konstantin"]
[Result "1-0"]
[WhiteElo "2295"]
[BlackElo "2171"]
[PlyCount "125"]
[EventDate "2015.06.23"]
[EventType "team-tourn"]
[EventRounds "7"]
[EventCountry "RUS"]
[SourceTitle "CBM 167 Extra"]
[Source "ChessBase"]
[SourceDate "2015.09.14"]
[SourceVersion "1"]
[SourceVersionDate "2015.09.14"]
[SourceQuality "1"]
[WhiteTeam "China (U16)"]
[BlackTeam "Armenia (U16)"]
[WhiteTeamCountry "CHN"]
[BlackTeamCountry "ARM"]

1. e4 c5 2. Nf3 d6 3. d4 cxd4 4. Nxd4 Nf6 5. Nc3 g6 6. Be3 Bg7 7. f3 0-0 8. Qd2 Nc6 9. Bc4 Bd7 10. 0-0-0 Ne5 11. Bb3 Qa5 12. h4 Rfc8 13. Kb1 b5 14. h5 Nc4 15. Bxc4 bxc4 16. hxg6 fxg6 17. Bh6 Bh8 18. Qe1 Rab8 19. Nd5 Qxe1 20. Rhxe1 Nxd5 21. exd5 Bf6 22. Bc1 Rc5 23. Ne2 Rcb5 24. c3 Bf5+ 25. Ka1 Bd3 26. a3 Be5 27. g4 Rxd5 28. Be3 Rb7 29. Rd2 Ra5 30. Bd4 Bxd4 31. Nxd4 Re5 32. Rxe5 dxe5 33. Nc6 Rd7 34. Nxe5 Rd5 35. Nc6 Kf7 36. b3 Be4 37. Nd4 Bd3 38. Kb2 e5 39. Nc6 Ke6 40. Nb4 Rd6 41. Kc1 h5 42. gxh5 gxh5 43. Rh2 Bg6 44. bxc4 a5 45. Nd5 Rc6 46. Rh4 Rc8 47. Kd2 Rb8 48. f4 Bf7 49. Kd3 Rb1 50. Ne3 Bg6+ 51. f5+ Bxf5+ 52. Nxf5 Kxf5 53. Rxh5+ Kf4 54. Rh4+ Kg5 55. Rh8 Rd1+ 56. Ke4 Re1+ 57. Kd5 e4 58. c5 e3 59. Re8 Rd1+ 60. Kc4 Kf4 61. c6 Rd6 62. Kc5 Rd3 63. c4 1-0

[Event "EU-ch U14 23rd"]
[Site "Budva"]
[Date "2013.10.08"]
[Round "9"]
[White "Yayloyan, Konstantin"]
[Black "Grela, Kacper"]
[Result "1-0"]
[WhiteElo "1912"]
[BlackElo "2024"]
[PlyCount "99"]
[EventDate "2013.09.29"]
[EventType "swiss"]
[EventRounds "9"]
[EventCountry "MNE"]
[SourceTitle "EXT 2014"]
[Source "ChessBase"]
[SourceDate "2013.11.20"]
[SourceVersion "1"]
[SourceVersionDate "2013.11.20"]
[SourceQuality "1"]

1. e4 c5 2. Nf3 Nc6 3. Nc3 Nf6 4. d4 cxd4 5. Nxd4 e5 6. Ndb5 d6 7. Bg5 a6 8. Na3 b5 9. Nd5 Be7 10. Bxf6 Bxf6 11. c4 b4 12. Nc2 a5 13. Be2 0-0 14. Bg4 Bg5 15. h4 Bh6 16. Qf3 Ne7 17. Nce3 Nxd5 18. Nxd5 Be6 19. Rd1 Rc8 20. b3 Rc5 21. Qh3 Bxd5 22. Rxd5 Rxd5 23. exd5 e4 24. 0-0 Qe7 25. Re1 Qe5 26. Bf5 g6 27. Bd7 f5 28. Be6+ Kh8 29. h5 Kg7 30. Qh4 Rf6 31. c5 Qc3 32. Re2 Qxc5 33. g4 Qc1+ 34. Kg2 Qd1 35. g5 Qxe2 36. gxf6+ Kf8 37. hxg6 Qf3+ 38. Kg1 Qd1+ 39. Kh2 Bf4+ 40. Qxf4 Qh5+ 41. Kg2 Qxg6+ 42. Kf1 Qxf6 43. Qxf5 Kg7 44. Qxf6+ Kxf6 45. Ke2 h5 46. Ke3 Ke5 47. Bf7 h4 48. Be6 h3 49. Bxh3 Kxd5 50. Bg2 1-0

[Event "EU-ch U14 23rd"]
[Site "Budva"]
[Date "2013.10.07"]
[Round "8"]
[White "Geiger, Alex Emanuel"]
[Black "Yayloyan, Konstantin"]
[Result "1-0"]
[WhiteElo "2038"]
[BlackElo "1912"]
[PlyCount "55"]
[EventDate "2013.09.29"]
[EventType "swiss"]
[EventRounds "9"]
[EventCountry "MNE"]
[SourceTitle "EXT 2014"]
[Source "ChessBase"]
[SourceDate "2013.11.20"]
[SourceVersion "1"]
[SourceVersionDate "2013.11.20"]
[SourceQuality "1"]

1. e4 c5 2. Nf3 Nc6 3. Bb5 Na5 4. Be2 d6 5. c3 Nf6 6. d3 g6 7. 0-0 Bg7 8. h3 0-0 9. Be3 c4 10. dxc4 Nxe4 11. Nbd2 Nxd2 12. Qxd2 b6 13. Rfe1 Bb7 14. Nd4 Rc8 15. b3 a6 16. Bh6 Qc7 17. Rad1 Rfd8 18. Bxg7 Kxg7 19. Bg4 Rb8 20. Qg5 e5 21. Nf5+ Kg8 22. Re3 Bc8 23. Ne7+ Kg7 24. Bxc8 Rbxc8 25. Nd5 Qb7 26. Qf6+ Kg8 27. Ne7+ Kf8 28. Rf3 1-0

[Event "EU-ch U14 23rd"]
[Site "Budva"]
[Date "2013.10.05"]
[Round "6"]
[White "Kolka, Dawid"]
[Black "Yayloyan, Konstantin"]
[Result "0-1"]
[WhiteElo "1666"]
[BlackElo "1912"]
[PlyCount "50"]
[EventDate "2013.09.29"]
[EventType "swiss"]
[EventRounds "9"]
[EventCountry "MNE"]
[SourceTitle "EXT 2014"]
[Source "ChessBase"]
[SourceDate "2013.11.20"]
[SourceVersion "1"]
[SourceVersionDate "2013.11.20"]
[SourceQuality "1"]

1. e4 c5 2. Nf3 Nc6 3. d4 cxd4 4. Nxd4 e5 5. Nb5 d6 6. N1c3 a6 7. Na3 b5 8. Nd5 Nge7 9. c3 Nxd5 10. exd5 Ne7 11. c4 Nf5 12. cxb5 Be7 13. Bd3 0-0 14. 0-0 Nh4 15. bxa6 f5 16. g3 Ng6 17. f4 Qb6+ 18. Kh1 Qc5 19. Bc4 Bxa6 20. Qe2 Bb7 21. Qd3 Rfc8 22. Bb3 Ba6 23. Qxf5 Bxf1 24. Qe6+ Kh8 25. f5 Qf2 0-1